Una cuestión incomprendida : el maltrato de la mujer /
Obra estructurada en tres partes. La primera distingue entre la igualdad legal y la real, entre los géneros. Se examina luego el fenómeno del maltratao a la mujer, con énfasis en un origen afincado en el carácter patriarcal de la sociedad, que por sí mismo es discriminador para el sexo femenino. Por...
Guardado en:
| Autor principal: | |
|---|---|
| Formato: | Libro |
| Idioma: | Español |
| Publicado: |
Madrid, España :
Horas y Horas : Instituto de la Mujer,
1995
|
| Colección: | (Cuadernos Inacabados ;
21) |
| Temas: | |
| Etiquetas: |
Sin etiquetas, Sé el primero en etiquetar este registro!
|
MARC
| LEADER | 00000nam^a2200000^a^4500 | ||
|---|---|---|---|
| 001 | 000046659 | ||
| 005 | 20250521000000.0 | ||
| 009 | 20260310090022.125 | ||
| 020 | |a 84-87715-51-6 | ||
| 037 | |a Acervo ITESO - Biblioteca | ||
| 041 | |a ESP | ||
| 082 | |a 362. 8292 |b PER | ||
| 100 | |a Pérez del Campo Noriega, Ana María |e (autor) | ||
| 245 | 1 | 4 | |a Una cuestión incomprendida : |b el maltrato de la mujer / |c A.M. Pérez del Campo Noriega. |
| 264 | 1 | |a Madrid, España : |b Horas y Horas : |b Instituto de la Mujer, |c 1995 | |
| 300 | |a 245 p. | ||
| 336 | |a texto |b txt |2 rdacontenido | ||
| 337 | |a sin mediación |b n |2 rdamedio | ||
| 338 | |a volumen |b nc |2 rdasoporte | ||
| 440 | 1 | |a (Cuadernos Inacabados ; |v 21) | |
| 520 | |a Obra estructurada en tres partes. La primera distingue entre la igualdad legal y la real, entre los géneros. Se examina luego el fenómeno del maltratao a la mujer, con énfasis en un origen afincado en el carácter patriarcal de la sociedad, que por sí mismo es discriminador para el sexo femenino. Por último, se examinan las consecuencias de los malos tratos, sea para la mujer misma o sea para sus hijos. | ||
| 649 | |a XX | ||
| 650 | |a Mujeres - |x Condiciones Jurídicas | ||
| 650 | |a Mujeres - |x Condiciones Sociales y Culturales | ||
| 650 | |a Violencia Doméstica - |x Tema Principal | ||
| 650 | |a Roles de Género | ||
| 650 | |a Discriminación de Género | ||
| 650 | |a Relaciones Intergénero | ||
| 650 | |a Género | ||
| 650 | |a Sociología | ||
| 910 | |a Fondo General | ||
| 920 | |a Impresos - Libros | ||
| 930 | |a Colección General | ||
| 905 | |a 101 | ||
| 901 | |a 0500001193 |b IT1 |c ACC |u 20250521 | ||
| 902 | |a https://opac.biblio.iteso.mx/vufind/Record/000046659 | ||